000
00182nam a2200085Ia 4500
008
120527s9999 xx 000 0 und d
100
_a
Roittm, van
245
_a
Immunology
942
_c
BK
999
_c
27364
_d
27364